| 000 | 00492nam a2200145 4500 | ||
|---|---|---|---|
| 999 |
_c511919 _d511919 |
||
| 008 | 191022b ||||| |||| 00| 0 eng d | ||
| 100 |
_aBanerjee, Sumanta _912412 |
||
| 245 | _aBJP's appropriation of the Telangana Liberation struggle (1946-48) | ||
| 260 | _bMainstream | ||
| 300 | _a57(41), 28 Sep, 2019: p.13-15. | ||
| 650 |
_aIndia - Andhra Pradesh - Government and Politics _912413 |
||
| 773 | _aMainstream | ||
| 906 | _aIndia - Telangana - Politics and Government | ||
| 942 |
_2ddc _cAR |
||